Loading...
| Fine Arts - Classical Music | 5 | 10.00 | 100% | 0% | 0% |
| Fine Arts - Other Fine Arts | 2 | 10.00 | 100% | 0% | 0% |
| Fine Arts - Visual Fine Arts | 3 | 6.67 | 67% | 0% | 0% |
| Geography/Current Events | 1 | 30.00 | 100% | 100% | 100% |
| History - American History | 2 | 15.00 | 100% | 50% | 0% |
| History - European History | 4 | 12.50 | 100% | 25% | 0% |
| History - Other History | 4 | 12.50 | 100% | 25% | 0% |
| History - World History | 3 | 20.00 | 100% | 67% | 33% |
| Literature - American Literature | 4 | 5.00 | 50% | 0% | 0% |
| Literature - British Literature | 4 | 12.50 | 100% | 0% | 25% |
| Literature - European Literature | 4 | 7.50 | 75% | 0% | 0% |
| Literature - World/Other Literature | 5 | 8.00 | 80% | 0% | 0% |
| Mythology | 5 | 14.00 | 80% | 60% | 0% |
| Other Academic | 1 | 20.00 | 100% | 100% | 0% |
| Philosophy | 6 | 10.00 | 83% | 17% | 0% |
| Pop Culture | 1 | 20.00 | 100% | 100% | 0% |
| Religion | 3 | 16.67 | 100% | 67% | 0% |
| Science - Biology | 1 | 10.00 | 100% | 0% | 0% |
| Science - Chemistry | 2 | 15.00 | 100% | 50% | 0% |
| Science - Other Science | 5 | 20.00 | 100% | 60% | 40% |
| Science - Physics | 5 | 14.00 | 100% | 40% | 0% |
| Social Science | 3 | 6.67 | 67% | 0% | 0% |